000 00880nam a2200229Ia 4500
001 L100-51514
003 IT-CnALBA
008 170116s9999||||xx |||||||||||||| ||und||
040 _aIT-CnALBA
_cIT-CnALBA
041 _aITALIANO
100 _aCHIURAZZI GAETANO
245 0 _aIL POST MODERNO. IL PENSIERO NELLA SOCIETÀ DELLA COMUNICAZIONE.
250 _a1a ed.
260 _aTORINO
_bPARAVIA G.B. & C. STAMP. REALE
_c1999 [1° Ed.:1999 - Ed.Ling.Originale: 1999]
300 _a220 p.
500 _aMODERNO E POSTMODERNO. ARTE FILOSOFIA. RAZIONALITÀ PLURALE. ANTOLOGIA.
501 _aSocietà San Paolo EM - Piazza San Paolo, 14 - 12051 ALBA (CN) (non commercial uses only) ® Copyright 2017
520 _aMODERNO E POSTMODERNO. ARTE FILOSOFIA. RAZIONALITÀ PLURALE. ANTOLOGIA.
650 _aFILOSOFIA E DISCIPLINE COLLEGATE
942 _cBK
957 _71
999 _a66994
_bNO
_g Copie: 1
_c310397
_d310397